000 00464cam a2200145 4500500
005 20251228082909.0
041 _afre
042 _adc
100 1 0 _aLazzeri, Christian
_eauthor
245 0 0 _aHobbes et la question du relativisme
260 _c2005.
500 _a2
786 0 _nDix-septième siècle | 226 | 1 | 2005-03-01 | p. 55-73 | 0012-4273
856 4 1 _uhttps://shs.cairn.info/revue-dix-septieme-siecle-2005-1-page-55?lang=fr&redirect-ssocas=7080
999 _c1600062
_d1600062